Big Brother Heads of Household Quiz Stats

 Plays Quiz not verified by Sporcle

Challenge
Share
Tweet
Embed
Score 0/123 Timer 11:00
0 Plays Today
Season Head of Household % Correct
2Mike
78.1%
7Janelle and Jase
78.1%
7Janelle
77.6%
7Mike
77.6%
7Janelle
77.1%
7James
76.7%
7Mike
76.2%
7Kaysar
75.7%
7Janelle
75.7%
8Dick
75.7%
7Danielle
75.2%
7George
75.2%
7Erika
75.2%
8Kail
75.2%
12Hayden
75.2%
12Rachel
75.2%
7Mike
74.8%
8Jen
74.8%
12Rachel
72.9%
2Nicole
72.4%
8Dustin
71.9%
8Dick
71.9%
6Janelle
71.4%
12Hayden
71%
6Janelle
70%
8Jessica
70%
12Matt
70%
2Hardy
69.5%
6Ivette
69.5%
12Brendon
69.5%
2Krista
69%
2Hardy
69%
2Hardy
69%
6Rachel
69%
6Eric
69%
10Jerry
69%
12Lane
69%
8Dick
68.6%
12Matt
68.6%
12Britney
68.6%
2Kent
68.1%
Season Head of Household % Correct
6Kaysar
68.1%
8Daniele
68.1%
8Zach
68.1%
11Jordan
68.1%
12Hayden
68.1%
6Maggie
67.6%
6Howie
67.6%
6Jennifer
67.6%
8Jessica
67.6%
2Monica
67.1%
3Lisa
67.1%
6Howie
67.1%
8Zach
67.1%
12Hayden
67.1%
2Nicole
66.7%
6April
66.7%
11Jessie
66.7%
6Beau
66.2%
6Ivette
65.7%
11Jeff
65.7%
11Natalie
65.2%
5Jase
64.8%
11Kevin
64.8%
3Lisa
64.3%
11Chima
64.3%
11Jordan
64.3%
5Drew
63.8%
11Ronnie
63.8%
11Jessie
63.8%
11Russell
63.8%
4Alison
63.3%
3Marcellas
62.9%
3Danielle
62.9%
5Drew
62.9%
8Danielle
62.9%
10Jessie
62.9%
10April
62.9%
10Dan
62.9%
10Michelle
62.4%
10Keesha
61.9%
10Keesha
61.9%
Season Head of Household % Correct
11Michele
61.9%
3Jason
61.4%
4Jun
61.4%
10Dan
61.4%
3Amy
61%
3Jason
61%
5Diane
61%
5Adria
61%
10Renny
61%
10Jerry
61%
10Dan
61%
3Marcellas
60.5%
4Nathan
60.5%
5Marvin
60.5%
5Drew
60.5%
5Nakomis
60.5%
5Drew
60.5%
4Jee
60%
4Alison
60%
4Robert
60%
5Nakomis
60%
4Dana
59.5%
5Nakomis
59.5%
3Gerry
59%
4Erika
59%
4Jee
59%
3Roddy
58.6%
3Chiara
58.6%
4Justin
58.1%
5Marvin
57.6%
9Alex and Amanda
55.2%
9Adam
54.8%
9Ryan
54.3%
9Ryan
53.8%
9Adam
53.3%
9Sheila
52.4%
9Natalie
51.9%
9James
51.4%
9Ryan
51%
9Chelsia and James
50.5%
9Joshuah and Sharon
44.8%

You're not logged in!

Compare scores with friends on all Sporcle quizzes.
OR
Log In

You Might Also Like...

Show Comments

Extras

Top Quizzes Today


Score Distribution

Your Account Isn't Verified!

In order to create a playlist on Sporcle, you need to verify the email address you used during registration. Go to your Sporcle Settings to finish the process.

Report this User

Report this user for behavior that violates our Community Guidelines.

Details: